Music Quiz

Random Music or Album Quiz

50 Greatest Live Albums Of All Time Quiz Stats

 Plays Quiz Updated May 21, 2015

Challenge
Share
Tweet
Embed
Score 0/50 Timer 07:00
0 Plays Today
Album (Year Released) Artist % Correct
At Folsom Prison (1968)Johnny Cash
86.9%
Get Yer Ya-Ya's Out! (1970)The Rolling Stones
78.1%
Jimi Plays Monterey (1986)Jimi Hendrix
74.5%
Sinatra At The Sands (1963)Frank Sinatra
72.5%
Frampton Comes Alive! (1976)Peter Frampton
68.5%
MTV Unplugged In New York (1994)Nirvana
68%
Live At Leeds (1970)The Who
66.6%
Under A Blood Red Sky (1983)U2
59.2%
Ellington At Newport (1956)Duke Ellington
58.6%
The Bootleg Series, Vol. 4: (Artists Name-B.D.) Live 1966: The 'Royal Albert Hall Concert' (1998)Bob Dylan
54.4%
Live At The Apollo (1963)James Brown
50.8%
How The West Was Won (2003)Led Zeppelin
48.4%
Live/Dead (1969)Grateful Dead
47.1%
Europe '72 (1972)Grateful Dead
47%
Alive! (1975)Kiss
44.2%
1969: (Artists Name-V.U.) Live With Lou Reed (1974)The Velvet Underground
44%
Stop Making Sense (1984)Talking Heads
41.6%
The Complete Live At The Plugged Nickel 1965 (1995)Miles Davis
40.8%
At Budokan (1979)Cheap Trick
39%
Live/1975-85 (1986)Bruce Springsteen & The E Street Band
38.4%
At Fillmore East (1971)The Allman Brothers Band
35%
Live Bullet (1976)Bob Seger & The Silver Bullet Band
29.6%
Kick Out The Jams (1969)MC5
28%
Live At The Regal (1965)B.B. King
26.4%
Live In Cook County Jail (1970)B.B. King
26.4%
Album (Year Released) Artist % Correct
Made In Japan (1972)Deep Purple
24.5%
Arc-Weld (1991)Neil Young & Crazy Horse
24.2%
Time Fades Away (1973)Neil Young
24.2%
Live At Fillmore West (1971)Aretha Franklin
20.1%
Live! At The Village Vanguard (1962)John Coltrane
18.2%
Rock Of Ages (1972)The Band
17.9%
It's Alive (1979)Ramones
17.3%
No Sleep 'Til Hammersmith (1981)Motorhead
14.4%
Live! (B.M.) (1975)Bob Marley And The Wailers
12.8%
Jazz At Massey Hall (1953)The Quintet
12.3%
Miles Of Aisles (1974)Joni Mitchell
11.6%
Live At The Harlem Square Club, 1963 (1985)Sam Cooke
11.5%
Live And Dangerous (1978)Thin Lizzy
11%
At Newport 1960 (1960)Muddy Waters
9.5%
Roxy & Elsewhere (1974)Frank Zappa And The Mothers
9.3%
New Year's Eve 1995 - Live At Madison Square Garden (2005)Phish
9%
Metallic K.O. (1976)Iggy And The Stooges
8.7%
Waiting For Columbus (1978)Little Feat
8.7%
Live At The Star Club, Hamburg (1964)Jerry Lee Lewis
8.1%
The Koln Concert (1975)Keith Jarrett
5%
The S**t Hits The Fans (1985)The Replacements
3.6%
Live At Carnegie Hall (1973)Bill Withers
2.7%
Live! (F.R-K.) (1971)Fela Ransome-Kuti And The Africa '70 With Ginger Baker
1.7%
Live (D.H.) (1972)Donny Hathaway
1.5%
Live Hardcore Worldwide (1991)Boogie Down Productions
1.4%

You're not logged in!

Compare scores with friends on all Sporcle quizzes.
Join for Free
OR
Log In

You Might Also Like...

Show Comments

Extras

Top Quizzes Today


Score Distribution

Your Account Isn't Verified!

In order to create a playlist on Sporcle, you need to verify the email address you used during registration. Go to your Sporcle Settings to finish the process.

Report this User

Report this user for behavior that violates our Community Guidelines.

Details: